000 00680cam a2200241 4500
001 J109
008 090401t1990 xxu||||| |||| 00| 0 eng d
035 _a(Sirsi) u73410
041 _aeng
050 _a306.1
100 _aAdair, A.
245 _aNorthern Ireland property market analysis project (NIPMAP). - Report no.22 (January-March 1990) - no.25 (October-December 1990)
260 _aNewtownabbey,
_bUniversity of Ulster
_c1990
300 _a4v. ; 30cm.
350 _a0
520 _aPublished quarterly
650 _aHOUSE PRICES
650 _aNORTHERN IRELAND
650 _aPROPERTY MARKET
700 _aMcGreal, Stanley
942 _n0
948 _c04/03/1997
999 _c95588
_d95588